Obstáculos al ejercicio del derecho de acceso a la justicia por parte de las víctimas del conflicto armado salvadoreño, y de sus familiares /

Na minha lista:
Detalhes bibliográficos
Autor principal: Cuélla, Paula
Formato: Texto
Tags: Adicionar Tag
Sem tags, seja o primeiro a adicionar uma tag!

MARC

LEADER 00000 a a2200000 04500
001 47322
003
040
100 |a Cuélla, Paula  
245 |a Obstáculos al ejercicio del derecho de acceso a la justicia por parte de las víctimas del conflicto armado salvadoreño, y de sus familiares /  |c Paula Cuéllar  
773 |g volumen69, número736, (2014), páginas 119-141  
999 |c 20490  |d 20490